La revuelta antiespañola de Mesina : (Record n. 11305)

Dettagli MARC
000 -LEADER
fixed length control field 00840nam a2200229 i 4500
003 - CONTROL NUMBER IDENTIFIER
control field IT-RoINE
005 - DATE AND TIME OF LATEST TRANSACTION
control field 20160329091243.0
008 - FIXED-LENGTH DATA ELEMENTS--GENERAL INFORMATION
fixed length control field 920320s1982 sp |||||r |||||| spa|d
020 ## - INTERNATIONAL STANDARD BOOK NUMBER
International Standard Book Number 8460028933
040 ## - CATALOGING SOURCE
Transcribing agency IT-RoINE
100 1# - MAIN ENTRY--PERSONAL NAME
Personal name Ribot García, Luis Antonio,
9 (RLIN) 12390
Dates associated with a name 1951-
245 13 - TITLE STATEMENT
Title La revuelta antiespañola de Mesina :
Remainder of title causas y antecedentes, 1591-1674 /
Statement of responsibility, etc Luis Antonio Ribot García.
260 ## - PUBLICATION, DISTRIBUTION, ETC. (IMPRINT)
Place of publication, distribution, etc Valladolid :
Name of publisher, distributor, etc Universidad de Valladolid, Facultad de filosofía y letras,
Date of publication, distribution, etc 1982.
300 ## - PHYSICAL DESCRIPTION
Extent 268 p. ;
Dimensions 21 cm.
336 ## - CONTENT TYPE
Source rdacontent
Content type term text
337 ## - MEDIA TYPE
Source rdamedia
Media type term unmediated
338 ## - CARRIER TYPE
Source rdacarrier
Carrier type term volume
490 #1 - SERIES STATEMENT
Series statement Estudios y documentos ;
Volume number/sequential designation 42
651 #4 - SUBJECT ADDED ENTRY--GEOGRAPHIC NAME
9 (RLIN) 12391
Geographic name Messina (Italia)
General subdivision Historia
Chronological subdivision 1674-1678 (Rebelión)
830 #0 - SERIES ADDED ENTRY--UNIFORM TITLE
Uniform title Estudios y documentos (Universidad de Valladolid) ;
Volume number/sequential designation 42
9 (RLIN) 6669
942 ## - ADDED ENTRY ELEMENTS (KOHA)
Item type Monografías
Dati di copia
Withdrawn status Lost status Damaged status Not for loan Home library Current library Date acquired Total Checkouts Full call number Barcode Date last seen Price effective from Koha item type
        Iglesia Nacional Española en Roma Iglesia Nacional Española en Roma 29/03/2016   HIS.ESP.3. 729 22963 29/03/2016 29/03/2016 Monografías